| 000 | 00815nam a22002057a 4500 | ||
|---|---|---|---|
| 999 |
_c356221 _d356221 |
||
| 001 | 123569 | ||
| 003 | NUST | ||
| 005 | 20180305043158.0 | ||
| 008 | 180305b ||||| |||| 00| 0 eng d | ||
| 020 | _a9789699370304 | ||
| 082 |
_a371.89 _bMAD |
||
| 245 |
_aMadaris mein ghair nasabi sargarmian: _btalba kay samaji aur taaleemi rujhanat ka aik jaizah / _cMurtabeen Muhammad Ismaeel Khan [et al.] |
||
| 260 |
_aIslamabad: _bPIPS, _c2018 |
||
| 300 | _a132 p. | ||
| 546 | _aIn Urdu | ||
| 650 |
_aMadaris - Activities _910078 |
||
| 880 |
_6245-02\(3\r _aمدارس میں غیر نصابی سرگرمیاں: _bطلباء کے سماجی اور تعلیمی رجحانات کا ایک جائزہ |
||
| 880 |
_6260\(3\r _aاسلام آباد: _bپاک انسٹیٹوٹ فار پیس سٹڈیز، _c2018 |
||
| 942 |
_2ddc _cBK |
||